Zgadnij piłkarzy po ich karierze #2 - Statystyki

Ogólne statystyki
  • Ten quiz został rozwiązany 121 razy
  • Średni wynik to 7 z 10
Statystyki odpowiedzi
Piłkarze Drużyny % Poprawnych
Lionel Messi
99%
Cristiano Ronaldo
94%
Zlatan Ibrahimovic
88%
Paolo Maldini | Franco Baresi
73%
Kaká
72%
Thierry Henry
68%
Iker Casillas
63%
Steven Gerrard
63%
Petr Čech
59%
Ruud Gullit
20%
Nie znaleziono quizów pasujących do podanych kryteriów
Rozkład punktacji
Procent ludzi z każdym wynikiem
Percentyl według liczby udzielonych odpowiedzi
Twoja historia wyników
Nie rozwiązałeś tego quizu